000 00695nam a22002417a 4500
003 UA-OsUOA
001 46650
007 ta
008 20120507b un ||||| |||| 00| 0 ukr d
100 _aВишня О.
090 _a09.-82-341
_bВ55
942 _cBK
040 _aUA-OsUOA
_bukr
_cUA-OsUOA
_dUA-OsUOA
245 _aВесна-красна
300 _a190 с.
955 _a3
041 _aukr
080 _a09.-82-341
260 _aК.
_bРадянська Україна
_c1949
650 7 _a9 Географія. Біографії. Історія
_2UDC
999 _c426750
_d426750